Sports Quiz

Random Sports or NFL Quiz

NFL Top 50 Rushers and Receivers of 2011 Quiz Stats

 Plays Quiz not verified by Sporcle

Challenge
Share
Tweet
Embed
Score 0/100 Timer 08:00
0 Plays Today
% Correct
Julio Jones
98.5%
Felix Jones
98.4%
Calvin Johnson
98.3%
Thomas Jones
98.2%
Chris Johnson
98.2%
Ray Rice
98.1%
Steve Johnson
97.8%
Maurice Jones-Drew
97.8%
Steven Jackson
97.6%
Fred Jackson
97.4%
Vincent Jackson
97.4%
Frank Gore
97.3%
DeSean Jackson
97.3%
Arian Foster
96.8%
LeSean McCoy
96.3%
Steve Smith
96.1%
Wes Welker
95.8%
Michael Turner
95.6%
Torrey Smith
95.6%
Larry Fitzgerald
95.1%
Marshawn Lynch
95%
A.J. Green
95%
Victor Cruz
94.7%
Adrian Peterson
93.6%
Roddy White
93.4%
Rob Gronkowski
93.3%
Matt Forte
92.6%
DeAngelo Williams
92.5%
Reggie Bush
92.2%
Mike Williams
92.2%
Michael Bush
92%
Shonn Greene
91.8%
Jordy Nelson
90.1%
Marques Colston
89.9%
% Correct
Greg Jennings
89.9%
Jimmy Graham
89.8%
Rashard Mendenhall
89.4%
MIke Wallace
89%
Dwayne Bowe
89%
Hakeem Nicks
88.5%
Cedric Benson
88.4%
Antonio Brown
88.4%
Brandon Marshall
88.3%
Donald Brown
88.2%
Willis McGahee
87.9%
Ryan Mathews
86.7%
Beanie Wells
86.6%
Reggie Wayne
85.8%
BenJarvus Green-Ellis
85.6%
Ahmad Bradshaw
85.4%
Jonathan Stewart
84.9%
Cam Newton
82.2%
Darren McFadden
80.8%
LeGarrette Blount
79.5%
Brandon Jacobs
79.3%
DeMarco Murray
79.2%
Ben Tate
79%
Jason Witten
77.9%
Dez Bryant
77.7%
Tim Tebow
76.2%
Pierre Thomas
75.6%
Daniel Thomas
75.4%
Tony Gonzalez
75.4%
Aaron Hernandez
75.3%
Anquan Boldin
75.1%
Pierre Garcon
75%
Percy Harvin
74%
Darren Sproles
73.3%
% Correct
Vernon Davis
73.1%
Fred Davis
73%
Michael Crabtree
72.1%
Michael Vick
70.3%
Ryan Grant
69.8%
Peyton Hillis
69.5%
Jeremy Maclin
68.3%
Darrius Heyward-Bey
66.2%
Nate Washington
66.1%
Antonio Gates
65.1%
Mike Tolbert
63.1%
Roy Helu
61.7%
Laurent Robinson
61.5%
Mark Ingram
61%
James Starks
60.1%
C.J. Spiller
59.7%
Jermichael Finley
58.5%
Brent Celek
56.1%
Toby Gerhart
55.2%
Malcom Floyd
53.3%
Dustin Keller
50.1%
Brandon Pettigrew
49.7%
Nate Burleson
46%
Jackie Battle
45.6%
Jabar Gaffney
43.7%
Isaac Redman
43.7%
Kendall Hunter
43.5%
Dexter McCluster
42.6%
Kellen Winslow
36.8%
Doug Baldwin
35.4%
Steve Breaston
31.4%
Jared Cook
27.3%

You're not logged in!

Compare scores with friends on all Sporcle quizzes.
Join for Free
OR
Log In

You Might Also Like...

Show Comments

Extras

Curator's Pick Jan 23, 2012ReportNominate
Tags:NFL Quiz, 2011, receiver, rusher, Top 50

Top Quizzes Today


Score Distribution

Your Account Isn't Verified!

In order to create a playlist on Sporcle, you need to verify the email address you used during registration. Go to your Sporcle Settings to finish the process.

Report this User

Report this user for behavior that violates our Community Guidelines.

Details: